00221nam a2200097Ia 4500008004100000041000800041082001700049100001400066245003400080260000900114240625s9999 xx 000 0 und d aeng a741.5954 LAX aPATEL R B aEXPERT DATA STRUCTURES WITH C c2004